University Home | Library Home | Institutional Repository

The Native population of the Americas in 1492 / (Record no. 199807)

MARC details
000 -LEADER
fixed length control field 01025cam2a220030100 4500
001 - CONTROL NUMBER
control field lce00000421
005 - DATE AND TIME OF LATEST TRANSACTION
control field 20190830123730.0
008 - FIXED-LENGTH DATA ELEMENTS--GENERAL INFORMATION
fixed length control field 760325s1976 wiua b 001 0 eng
010 ## - LIBRARY OF CONGRESS CONTROL NUMBER
LC control number 75032071 //r91
020 ## - INTERNATIONAL STANDARD BOOK NUMBER
Terms of availability
-- 5.00
035 ## - SYSTEM CONTROL NUMBER
System control number (Sirsi) r30123
035 ## - SYSTEM CONTROL NUMBER
System control number (DLC) 75032071 //r91
035 ## - SYSTEM CONTROL NUMBER
System control number (UPRA)lce00000421
040 ## - CATALOGING SOURCE
Original cataloging agency DLC
Transcribing agency DLC
Modifying agency DLC
043 ## - GEOGRAPHIC AREA CODE
Geographic area code n------ s------
-- n------ s------
050 00 - LIBRARY OF CONGRESS CALL NUMBER
Classification number E59.P75
Item number N37
082 00 - DEWEY DECIMAL CLASSIFICATION NUMBER
Classification number 301.32
245 04 - TITLE STATEMENT
Title The Native population of the Americas in 1492 /
Statement of responsibility, etc. edited by William M. Denevan.
260 ## - PUBLICATION, DISTRIBUTION, ETC.
Place of publication, distribution, etc. Madison :
Name of publisher, distributor, etc. University of Wisconsin Press,
Date of publication, distribution, etc. 1976.
500 ## - GENERAL NOTE
General note Includes index.
504 ## - BIBLIOGRAPHY, ETC. NOTE
Bibliography, etc. note Bibliography: p. 299-331.
650 #0 - SUBJECT ADDED ENTRY--TOPICAL TERM
Topical term or geographic name entry element Indians -- Population.
General subdivision Indians -- Population.
Linkage S67965.1
651 #0 - SUBJECT ADDED ENTRY--GEOGRAPHIC NAME
Geographic name America -- Population.
General subdivision America -- Population.
Linkage S67966.1
700 1# - ADDED ENTRY--PERSONAL NAME
Personal name Denevan, William M.
Linkage A94614.1
949 ## - LOCAL PROCESSING INFORMATION (OCLC)
a E59.P75
w lcc
i -33828
m MAIN
t BOOK
l ON-SHELF
949 ## - LOCAL PROCESSING INFORMATION (OCLC)
a E59.P75
w lcc
i 33729002074321
m MAIN
t BOOK
l ON-SHELF

No items available.

© 2026 - The University of Zambia Library - Koha v25.11